Letters Of The English Language In Order By Frequency - Statistics

General Stats
  • This quiz has been taken 110 times
  • The average score is 10 of 26
Answer Stats
Rank Letter Frequency % Correct
1 e 13.0%
100%
3 a 8.2%
93%
2 t 9.1%
91%
4 o 7.5%
87%
5 i 7.0%
84%
6 n 6.7%
76%
7 s 6.3%
75%
8 h 6.1%
49%
9 r 6.0%
46%
10 d 4.3%
37%
11 l 4.0%
32%
26 z 0.0%
28%
12 c 2.8%
25%
14 m 2.4%
25%
25 q 0.0%
25%
13 u 2.8%
24%
24 x 0.1%
22%
23 j 0.1%
15%
22 k 0.7%
13%
19 p 1.9%
13%
18 y 2.0%
13%
16 f 2.2%
12%
20 b 1.5%
10%
17 g 2.0%
9%
15 w 2.4%
9%
21 v 0.9%
7%
No matching quizzes found
Score Distribution
Percent of People with Each Score
Percentile by Number Answered
Your Score History
You have not taken this quiz